000 00678nam a22002417a 4500
005 20170124110113.0
010 _aA-596650
020 _c00.00
035 _aA-596650
037 _bCen Lib/Ret
040 _aDPL
_bEN
082 _a915.47
_bAQA
100 _aA Qayum Sher
_9106133
245 _aPakistan studies /
_cby A Qayum Sher
250 _a2nd rev. ed
260 _aLahore
_bBook Traders
_c1990
270 _aMain Chambers 3-Tample Road
_bLahore
300 _ax,330p.
_c20cm(Hb)
500 _aIncludes bibliographical reference and index
650 _aGeography
_9106134
650 _aPakistan-Studies
_929414
942 _2ddc
_cEN
_h915.47
_mAQA
999 _c130518
_d130518